| 000 | 00848nam a2200277Ia 4500 | ||
|---|---|---|---|
| 001 | Para_7183 | ||
| 003 | CHAP | ||
| 008 | 220125s1983 xx 000 0 und d | ||
| 010 | _a206069 | ||
| 040 | _cCHAP | ||
| 082 | _aPA 635 F32 | ||
| 100 |
_aFAO _9137368 |
||
| 245 |
_aTecnología de las semillas de hortalizas : _b guía técnica de la producción, procesamiento, almacenamiento y control de calidad de las semillas de hortalizas / _c por Raymond A.T. George |
||
| 260 |
_aRoma : _b La Organización |
||
| 300 | _a94 p. | ||
| 650 |
_aHorticultura _956291 |
||
| 650 |
_aLegumbres _x semillas _9141720 |
||
| 700 |
_aGeorge, Raymond A.T. _947680 |
||
| 901 | _aPA 635 F32 | ||
| 902 | _aA | ||
| 905 | _a0000001983 f 0000000000 00 | ||
| 910 | _a1983 | ||
| 942 | _cPARA | ||
| 942 |
_cPARA _d1 |
||
| 999 |
_c206069 _d206069 |
||